Was machst du nur mit mir - Wincent Weiss Lyrics/Songtext - Statistiken

Allgemein
  • Dieses Quiz wurde 107 mal gespielt
  • Das Durchschnittsergebnis liegt bei 233 aus 322
Antwortstatistiken
Lyrics
% Korrekt
Was
99%
du
98%
du?
98%
machst
98%
mit
98%
Mit
98%
mir?
96%
mir
96%
nur
96%
da
93%
di
87%
Ich
87%
ich
87%
nicht
85%
wenn
85%
Wenn
85%
das
83%
Kann
82%
kann
82%
und
82%
Und
82%
an
81%
so
80%
will
79%
mich
77%
bist
74%
Dass
74%
dir
74%
Die
73%
die
73%
gehen
71%
ist
70%
noch
70%
ansiehst
69%
ja
69%
alles
68%
dann
68%
doch
67%
wo
67%
bei
65%
zu
65%
bin
64%
nichts
64%
damit
62%
egal
62%
dafür
60%
wieder
60%
Denn
58%
anziehst
57%
auch
57%
uns
56%
hast
55%
steh'
55%
Ey
54%
ey
54%
Jetzt
54%
solange
54%
neben
52%
diese
51%
gut
51%
weiß
50%
Art
49%
deinen
46%
mehr
46%
gefällt
45%
irgendwie
45%
rüber
45%
sagst
45%
schnell
45%
von
45%
wiederstehen
45%
rede
44%
erkenn'
43%
ganz
42%
Lippen
42%
sehen
42%
Zeit
42%
liegst
40%
Ziehst
40%
führt
39%
gerade
39%
Wohin
39%
wohin
39%
gern
38%
häng'
38%
bleib'?
37%
würde
36%
geh'n
35%
gar
32%
verges'
32%
genug
31%
krieg'
31%
folge
29%
Schritten
26%
yeah
23%
Wär's
21%
oke
20%
Mhmhmh
13%
anziehat
0%
machsdut
0%
nciht
0%
nichtnur
0%
Keine übereinstimmenden Quizze gefunden
Verteilung der Resultate
Anzahl Personen mit jedem Resultat
Perzentil nach korrekt beantworteten Fragen
Ihre Resultats-Entwicklung
Sie haben dieses Quiz noch nicht gespielt